| 000 -CABECERA |
| Longitud fija campo de control |
00830cam a2200265 i 4500 |
| 001 - NÚMERO DE CONTROL |
| Número de control |
21983955 |
| 003 - IDENTIFICADOR DEL NÚMERO DE CONTROL |
| Identificador del número de control |
OSt |
| 005 - FECHA Y HORA DE LA ÚLTIMA TRANSACCIÓN |
| Fecha y hora de la última transacción |
20210504123634.0 |
| 008 - CÓDIGOS DE INFORMACIÓN DE LONGITUD FIJA |
| Códigos de información de longitud fija |
210322s2021 sp b 000 0 cat d |
| 020 ## - NÚMERO INTERNACIONAL NORMALIZADO PARA LIBROS |
| Número Internacional Normalizado para Libros (ISBN) |
9788413032375 |
| 040 ## - FUENTE DE LA CATALOGACIÓN |
| Centro catalogador de origen |
SP-BaPL |
| Lengua de catalogación |
eng |
| Normas de descripción |
rda |
| Centro transcriptor |
SP-BaPL |
| Centro modificado |
DLC |
| 042 ## - CÓDIGO DE AUTENTICACIÓN |
| Código de autenticación |
lccopycat |
| 043 ## - CÓDIGO DE ÁREA GEOGRÁFICA |
| Código de área geográfica |
e-sp--- |
| 100 1# - PUNTO DE ACCESO PRINCIPAL-NOMBRE DE PERSONA |
| Nombre de persona |
Canosa Farran, Francesc, |
| Fechas asociadas al nombre |
1975- |
| Término indicativo de función |
autor |
| 240 10 - TÍTULO UNIFORME |
| Título uniforme |
<a href="Imperialisme dolç">Imperialisme dolç</a> |
| 245 12 - MENCIÓN DE TÍTULO |
| Título |
L'or dolç a la pell de brau : |
| Resto del título |
el somni real de la Califòrnia catalana / |
| Mención de responsabilidad, etc. |
Francesc Canosa Farran. |
| 250 ## - MENCIÓN DE EDICIÓN |
| Mención de edición |
Primera edició. |
| 264 #1 - PRODUCCIÓN, PUBLICACIÓN , DISTRIBUCIÓN, FABRICACIÓN Y COPYRIGHT |
| Lugar de producción, publicación, distribución, fabricación |
Lleida : |
| Nombre del productor, editor, distribuidor, fabricante |
Pagès Editors, |
| Fecha de de producción, publicación, distribución, fabricación o copyright |
febrer de 2021. |
| 300 ## - DESCRIPCIÓN FÍSICA |
| Extensión |
199 pàgines ; |
| Dimensiones |
21 cm |
| 336 ## - TIPO DE CONTENIDO |
| Término de tipo de contenido |
text |
| Fuente |
rdacontent |
| 337 ## - TIPO DE MEDIO |
| Nombre del tipo de medio |
no mediat |
| Fuente |
rdamedia |
| 338 ## - TIPO DE SOPORTE |
| Nombre del tipo de soporte |
volum |
| Fuente |
rdacarrier |
| 504 ## - NOTA DE BIBLIOGRAFÍA, ETC |
| Nota de bibliografía, etc. |
Inclou referències bibliogràfiques: p. 191-195. |
| 942 ## - ENTRADA DE ELEMENTOS AGREGADOS (KOHA) |
| Fuente de clasificaión o esquema |
|
| Koha [por defecto] tipo de item |
Monografies |